| 000 | 00608cam a22002411 4500 | ||
|---|---|---|---|
| 001 | sa 68000307 | ||
| 003 | DLC | ||
| 005 | 20260227112422.0 | ||
| 008 | 940912s1966 ii d 000 0 doio | ||
| 010 | _asa 68000307 | ||
| 025 | _aPL480:I-Pu-1035 | ||
| 035 | _a(OCoLC)31091873 | ||
| 040 |
_aDLC _cCU _dCU _dDLC |
||
| 042 | _apremarc | ||
| 050 | 0 | 0 |
_aPK2647.Z9 _bT3 |
| 100 | 0 | _aTārā Smailapurī. | |
| 245 | 1 | 0 | _aḌogarī muhāvarā kosha. |
| 260 | _c[1966] | ||
| 300 |
_a12, 535 p. _c22 cm. |
||
| 500 | _aIn Dogri. | ||
| 650 | 0 |
_aDogri language _vDictionaries. |
|
| 650 | 0 |
_aDogri language _xIdioms. |
|
| 999 |
_c77111 _d77111 |
||